01695nam a22003737a 4500003000500000005001700005008004100022010001000063011001000073035001000083040000900093090001000102100003800112245022800150260004000378300003000418502011700448590003700565590004100602590004100643590004100684590004200725650003500767650004100802650004400843650004200887901000700929942000900936949004300945949005500988999001701043952013301060952012801193CHAP20220817042953.0971013s1996 r 00010 d a61499 a62471 a66645 cCHAP aTesis00aGuerra Guerra, Angélica.951136 aImplicaciones para el sector agroalimentario mexicano de la relación comercial México-Colombia en el marco del Tratado de Libre Comercio del Grupo de los Tres (TLC del G-3) (a un año tres meses de su entrada en vigor) aChapingo, Méx. :bEl autor,c1996 a63 h.b; gráfs. ; anexo aTesis (Lic. en Comercio Internacional de Productos Agropecuarios) -- UACH. Departamento de Economía Agrícola aALEPHb10c20130110lUCH01h1343 aBATCH-UPDb10c20130110lUCH01h1333 aBATCH-UPDb10c20130410lUCH01h0837 aBATCH-UPDb10c20130914lUCH01h1016 aCONVERSIONb10c20130109lUCH01h133314aComercio internacional.92564114aMéxicoxComercioxColombia.97667914aProductos agrícolasxMercadeo.99195114aTratado Trilateral de Libre Comercio. aBK cFOLL bBCcTESd-151869eTS1h29937i66645si bBCcTESd33724000623856eTS2fc.2h29938i66645si c61499d61499 00102local4053708TESISaBCbBCcPA_TESISd2019-12-31fTESISl0p33724000623856r2019-12-31 00:00:00tc.2w2019-12-31yTESIS 00102local4051708TESISaBCbBCcPA_TESISd2019-12-31fTESISl0oTesisp-151869r2019-12-31 00:00:00w2019-12-31yTESIS